000 00610nam a22002057a 4500
999 _c3905
_d3905
003 OSt
005 20211008121414.0
008 160509b xxu||||| |||| 00| 0 eng d
020 _a0131008471
040 _cDDC.
082 _a597MOY 2004
100 _aMoyle,Peter B.; Jr,Cech; J.Joseph.;
_98563
245 _aFishes.
_bAn introduction to Ichthyology.
_cEdited by Moyle,Peter B.; Jr,Cech; J.Joseph.;
250 _a5th ed.
260 _aNew Jersey.
_bPrentice Hall.
_c2004.
300 _axvi,726p;
_bill;
_c25cm.
504 _aIncludes; references and index;
650 _aBiology
_98564
942 _2ddc
_cSLOAN